| 000 | 00877nam a2200265Ia 4500 | ||
|---|---|---|---|
| 003 | OSt | ||
| 005 | 20220925223958.0 | ||
| 006 | a|||||r|||| 00| 0 | ||
| 007 | ta | ||
| 008 | 220923b |||||||| |||| 00| 0 eng d | ||
| 020 |
_a9781138937758 _c9195.90 |
||
| 037 |
_bBBS/64, 12/10/2017, Better Book Service _cGeneral Book |
||
| 040 |
_aRTL _cRTL _beng |
||
| 041 |
_2eng _aeng |
||
| 082 | _aX:516-75.2, Q6 | ||
| 100 |
_aSIDDHARTHAN N S _9258733 |
||
| 245 | 0 |
_aInnovation and global competitiveness _b Case of India's manufacturing sector |
|
| 260 |
_aLondon _bRoutledge _c2016 |
||
| 300 |
_axii,117p _ccm. |
||
| 500 | _aBibliography chapterwise | ||
| 650 | _aEconomics | ||
| 700 |
_a NARAYANAN K _9290657 |
||
| 942 |
_hX:516-75.2, Q6 _cGB _2CC |
||
| 999 |
_c580765 _d580765 |
||